Statistiques concernant les pokemon qui a le plus d'attaque

Cliquez ici pour prendre le quiz!

Statistiques générales

  • Ce quiz a été pris 8 fois
    (6 depuis la dernière actualisation)
  • Le résultat moyen est 97 sur 280

Statistiques - réponses

Hint Answer % Correct
125demeteros
75%
100libegon
75%
190mega mewtwo x
75%
104simiabraz
75%
160monaflemit
75%
100kyogre
75%
145demeteros totemique
75%
150mega laggron
75%
150mega mewtwo y
75%
100celebi
75%
150deoxys
75%
150rayquaza
75%
115entei
75%
105aligatueur
75%
100jirachi
75%
109torterra
75%
180deoxys attack
75%
100mew
75%
180mega rayquaza
75%
120brasegali
75%
110mega jungko
75%
135drattak
75%
120arceus
75%
110laggron
75%
160mega brasegali
75%
120kyurem blanc
50%
124pandarbare
50%
123roitiflam
50%
100camerupt
50%
124golemastoc
50%
120genesect
50%
123elekable
50%
121rexillius
50%
125bourrinos
50%
110ronflex
50%
100diancie
50%
129terrakium
50%
100zygarde 50%
50%
130zamazenta bouclier supreme
50%
130zamazenta
50%
100boreas totemique
50%
125mega steelix
50%
120dialga
50%
125leviator
50%
125chelours
50%
125scarhino
50%
125mega kangourex
50%
125scarabrute
50%
125gorythmic
50%
120kicklee
50%
115felinferno
50%
113necrozma ailes de l'aurore
50%
107blindepique
50%
107archeduc
50%
107necrozma
50%
115fulguris
50%
113lunala
50%
110galeking
50%
110lucario
50%
110phyllali
50%
110hoopa
50%
110mewtwo
50%
112hippodocus
50%
110arcanin
50%
115boreas
50%
106coatox
50%
101bamboiselle
50%
101engloutyran
50%
120mega camerupt
50%
120sharpedo
50%
120giratina origin
50%
120reshiram
50%
130zacian
50%
104mega dracaufeu y
50%
105tygnon
50%
105trioxhydre
50%
105ptera
50%
105fulguris totemique
50%
120lanssorien
50%
105mega mysdibule
50%
120palkia
50%
100zygarde 100%
50%
100mega charmina
50%
139mouscoto
50%
140darumacho de galar
50%
140darumacho
50%
100zygarde 10%
50%
150zekrom
50%
137cancrelove
50%
137solgaleo
50%
160hoopa dechainee
50%
150groudon
50%
135metalosse
50%
135gigalithe
50%
160mega diancie
50%
100giratina alternative
50%
160regigigas
50%
100mega latias
50%
145mega lucario
50%
145mega metalosse
50%
155mega scarabrute
50%
100noctunoir
50%
150mega cizayox
50%
100regirock
50%
145mega drattak
50%
140aeropteryx
50%
160darumacho de galar mode zen
50%
140rhinastoc
50%
157necrozma criniere du couchant
50%
140mega galeking
50%
140mega sharpedo
50%
155mega leviator
50%
164mega tyranocif
50%
100victini
50%
130pyroli
50%
100mega latias
50%
130ursaring
50%
130ho-oh
50%
180primo groudon
50%
130kyurem
50%
130polagriffe
50%
130mega dracaufeu x
50%
130rhinoferos
50%
130carchacrok
50%
185mega scarhino
50%
100sulfura
50%
181katagami
50%
130mackogneur
50%
170kyurem noir
50%
100tauros
50%
165charkos
50%
150primo kyogre
50%
134dracolosse
50%
134tyranocif
50%
135mega ptera
50%
100clamiral
50%
131yveltal
50%
131sinistrail
50%
170zacian epee supreme
50%
170mega carchacrok
50%
130mega latios
50%
167ultra necrozma
50%
131ama-ama
50%
131xerneas
50%
147tranchodon
50%
110berserkatt
25%
110volcanion
25%
110ekaiser
25%
108megapagos
25%
100galvagon
25%
100judokrak
25%
100meteno
25%
100shaymin
25%
100muplodocus
25%
100triopikeur d'alola
25%
100cliticlic
25%
100capidextre
25%
100machopeur
25%
100bouldeneu
25%
100banshitrouye
25%
100kraknoix
25%
100vortente
25%
100manaphy
25%
100cochignon
25%
105musteflott
25%
103mega tortank
25%
105crefollet
25%
105grotadmorv d'alola
25%
105colossinge
25%
103shaymin celeste
25%
102nidoking
25%
100triopikeur
25%
100brutapode
25%
100hexadron
25%
100galvagla
25%
105grotadmorv
25%
120hariyama
25%
116pyrobut
25%
123hastacuda
25%
117crocorible
25%
120mega oniglali
25%
125scalproie
25%
130cizayox
25%
125dolman
25%
125crefadet
25%
130tokotoro
25%
125gallame
25%
130mammochon
25%
120grolem
25%
125corboss
25%
125sarmurai
25%
125marshadow
25%
125karaclee
25%
125armaldo
25%
130pachyradjah
25%
117seracrawl
25%
127pierroteknik
25%
132mega blizzaroi
25%
115cacturne
25%
145sachanobi
25%
120luxray
25%
140betochef
25%
110desseliande
25%
150mega dardargnan
25%
120grolem d'alola
25%
165mega gallame
25%
150mega absol
25%
120etouraptor
25%
140exagide
25%
135minotaupe
25%
135palarticho
25%
115deflaisan
25%
132crabominable
25%
115kabutops
25%
115tokorico
25%
136mega lockpin
25%
120drakkarmin
25%
120bazoucan
25%
100sablaireau d'alola
0%
100sablaireau
0%
123gueriaigle
0%
130krabboss
0%
100seviper
0%
135lancargot
0%
100tiboudet
0%
100galopa
0%
165mega branette
0%
100galopa de galar
0%
100haydaim
0%
100zeblitz
0%
125kranidos
0%
100chevroum
0%
100tengalice
0%
130chapignon
0%
130absol
0%
125shaofouine
0%
101wattapik
0%
107dunaconda
0%
115ohmassacre
0%
115dodoala
0%
115branette
0%
115lougaroc nocturne
0%
105golgopathe
0%
115lougaroc
0%
105krabby
0%
105denticrisse
0%
109fermite
0%
115torgamord
0%
110argouste
0%
110mastouffe
0%
110mega altaria
0%
110insecateur
0%
110dimocles
0%
112zeraora
0%
110pomdrapi
0%
115scolocendre
0%
112arkeapti
0%
105noadkoko d'alola
0%
115mangriff
0%
120dimoret
0%
120quartermac
0%
120colhomard
0%
104serpang
0%
103manternel
0%
120granbull
0%
100simularbre
0%
110dodrio
0%
120sucreine
0%
120angoliath
0%
105ouvrifier
0%
105empiflor
0%
105floramantis
0%
117incisache
0%
105octillery
0%
105geolithe
0%
105crabaraque
0%
118krakos
0%
117lougaroc crepusculaire
0%
105zoroark
0%
120donphan
0%

Distribution des résultats

Percentile by Number Answered

% des personnes avec chaque résultat

Votre développement - résultats

Vous n’avez pas pris ce quiz depuis la dernière actualisation